00278nam a2200109 a 450000500170000000800410001705000210005810000190007924500480009825000120014626000100015820141022142008.0120228s19uu xx 00 eng d aCD-ROMbAc9 1999 aAczel, Amir D. aComplete business statistics /cAmir Aczel. a4th ed. c1999.